000 01968cpcaa2200445 a 4500
001 mm 83061507
003 DLC
005 20260227111720.0
007 cr |||||||||||
008 831012|||||||||||| eng
010 _amm 83061507
040 _aDLC
_cDLC
_dDLC
_edacs
072 7 _aB
_2lcmd
100 1 _aRoberts, Joseph J.
_q(Joseph Jenkins),
_d1809-1876.
245 0 0 _aJoseph J. Roberts family papers,
_f1839-2001.
300 _a30
_fitems.
300 _a1
_fcontainer plus
_a1
_foversize.
300 _a5
_fmicrofiches.
300 _a1
_fmicrofilm reel.
300 _a0.2
_flinear feet.
506 0 _aOpen to research.
520 8 _aCorrespondence, land grants, ship registrations, wills, genealogical material, photographs, and other papers relating chiefly to land sales by the Liberian government and to acquisition of property in Liberia by the Davis and Roberts families.
533 _aIn part, handwritten transcripts.
_b[S.l.].
533 _aMicrofiche of selected land grants, ship registrations, and wills in private hands.
_b[S.l.].
533 _aMicrofilm of selected correspondence, land grants, and wills in private hands.
_b[S.l.].
535 1 _aPrivate
545 0 _aPresident of Liberia.
546 _aCollection material in English.
555 8 _aFinding aid available in the Library of Congress Manuscript Reading Room and at
_uhttp://hdl.loc.gov/loc.mss/eadmss.ms010242
600 3 0 _aDavis family.
600 3 0 _aRoberts family.
650 0 _aLand grants
_zLiberia.
650 0 _aReal property
_zLiberia.
656 7 _aPresidents
_zLiberia.
_2itoamc
856 4 _3Finding aid
_uhttp://hdl.loc.gov/loc.mss/eadmss.ms010242
856 4 _3Finding aid (PDF)
_uhttp://hdl.loc.gov/loc.mss/eadmss.ms010242.3
999 _c43984
_d43984